Name That Gland! - Statistics

General Stats
  • This quiz has been taken 243 times
  • The average score is 7 of 14
Answer Stats
Hint Answer % Correct
Known as the "master gland" because it controls other hormone glands pituitary
85%
Releases insulin to control blood sugar levels pancreas
80%
Main source of testosterone in biological males testes
76%
Controls metabolism by producing T3 and T4 hormones thyroid
76%
Produces estrogen and progesterone for reproduction ovary
73%
Releases cortisol in response to stress adrenal
61%
Produces milk for feeding infants mammary
61%
Adds enzymes and nutrients to semen for sperm health prostate
48%
Produces tears to keep eyes moist and clean lacrimal
37%
Part of brain that links the nervous system to the endocrine system hypothalamus
33%
Secretes melatonin to control sleep-wake cycles pineal
30%
Trains T-cells for your immune system, especially in childhood thymus
25%
Secretes oily sebum to lubricate skin and hair sebaceous
24%
Largest salivary gland; helps digest starch with amylase parotid
12%
No matching quizzes found
Score Distribution
Percent of People with Each Score
Percentile by Number Answered
Your Score History
You have not taken this quiz